Ứng dụng vi điều khiển trong máy do sensơ hiệu ứng Hall /

Wedi'i Gadw mewn:
Manylion Llyfryddiaeth
Prif Awdur: B. Đ. Tú.
Awduron Eraill: H. N. Thành., N. H. Đức.
Fformat: Erthygl
Iaith:Vietnamese
Tagiau: Ychwanegu Tag
Dim Tagiau, Byddwch y cyntaf i dagio'r cofnod hwn!
Thư viện lưu trữ: Thư viện Trường Đại học Đà Lạt
LEADER 00938nam a2200253 4500
001 DLU120142799
005 ##20121023
040 # # |a DLU  |b vie 
041 # # |a vie 
044 # # |a vn 
100 # # |a B. Đ. Tú. 
245 # # |a Ứng dụng vi điều khiển trong máy do sensơ hiệu ứng Hall /  |c B. Đ. Tú, H. N. Thành, N. H. Đức. 
700 # # |a H. N. Thành. 
700 # # |a N. H. Đức. 
773 # # |t Tuyển tập các báo cáo Hội nghị vật lý toàn quốc lần thứ VI: Vật lý hạt nhân, vật lý thiên văn và vật lý địa cầu, vật lý kỹ thuật,giảng dạy và truyền bá vật lý  |g tập 2, 2006, tr. 892-895 
920 # # |a Phòng Tạp chí -- Trung tâm Thông tin - Thư viện Trường Đại học Đà Lạt 
994 # # |a DLU 
900 # # |a True 
911 # # |a Nguyễn Thị Tưởng 
925 # # |a G 
926 # # |a A 
927 # # |a BB 
980 # # |a Thư viện Trường Đại học Đà Lạt